Word Ladder: Two From Timberlake Quiz Stats

 Plays Quiz Updated Oct 1, 2018

Score 0/30 Timer 04:00
1 Play Today
Clue 4-Letter Word % Correct
Monthly apartment paymentRENT
97.5%
Outgoing e-mail folderSENT
96.2%
To use one's eyesLOOK
95.4%
Yellow part of an eggYOLK
95.4%
Fastener that needs a key or combinationLOCK
95.2%
Two squaredFOUR
94.4%
One end of a magnet; home for Santa ClausPOLE
94.4%
Hammer, saw, or spannerTOOL
94.3%
Igneous, sedimentary, or metamorphic#ROCK#
93.9%
Jester, joker, or village idiotFOOL
93.5%
Outside of fair territory in baseballFOUL
93.4%
Eleventh President of the USPOLK
92.7%
Belonging to you; second person possessive#YOUR#
92.7%
Place to store one's moneyBANK
92.4%
The Beatles or Oasis, perhapsBAND
92.3%
Clue 4-Letter Word % Correct
Small, blind burrowing insectivoreMOLE
91.3%
Connery, Moore, or Craig characterBOND
90.8%
Surname of a Hobbit called PippinTOOK
90.1%
Triangle for billiard balls; cut of meat with ribsRACK
89.1%
Rear of a person•BACK•
87.9%
Physical structure of a person; a corpse#BODY#
87.3%
Skinny; thin; resembling a skeletonBONY
86.7%
Alias for MLBer also called 'The Greek God of Walks'YOUK
86.1%
One's position on a list OR offensive to the sensesRANK
84.1%
Most frequently appearing number in a data setMODE
80.8%
To foreshadow; to be an omenBODE
80.6%
To tear or rip apartREND
79.5%
South African currencyRAND
77.2%
Attractive or arousing•SEXY•
55.4%
A midday church serviceSEXT
52.5%

Today's Daily Dose

Missing Word
Sherlocks

Word Ladder
King of the Hill

Quick Pick
Songs in Pink

Get the Picture
NBA Teammates

You're not logged in!

Compare scores with friends on all Sporcle quizzes.
OR
Log In

Sporcle TV

Today on Sporcle TV


Watch our educational content, quiz creation guides, and fun videos on Sporcle TV.

Show Comments

Extras

Top Quizzes Today


Score Distribution

Your Account Isn't Verified!

In order to create a playlist on Sporcle, you need to verify the email address you used during registration. Go to your Sporcle Settings to finish the process.

Report this User

Report this user for behavior that violates our Community Guidelines.

Details: